Gaming Quiz

Random Gaming or Console Quiz
Score 0/12 Timer 06:00
0 Plays Today
Question Answer % Correct
Pet is a Raven
79.1%
Passive AbilityTracker
75%
Bloodhound worships....The Allfather
70.3%
Ultimate AbilityBeast of the Hunt
69.6%
Full NameUnknown
65.5%
AgeUnknown
65.5%
Tactical AbilityEye of the Allfather
64.2%
Pets name is Artur
60.8%
GenderNon-Binary
55.4%
Legend TypeRecon
52%
Trait/DescriptionTechnological Tracker
50%
Home WorldTalos
31.1%
Remove Ads.
Support Sporcle.
Get the best of Sporcle when you Go Orange. This ad-free experience offers more features, more stats, and more fun while also helping to support Sporcle. Thank you for becoming a member.

You're not logged in!

Compare scores with friends on all Sporcle quizzes.
OR
Log In

Sporcle TV

Today on Sporcle TV


Watch our educational content, quiz creation guides, and fun videos on Sporcle TV.

Show Comments

Extras

Top Quizzes Today


Score Distribution

Paid Content

Your Account Isn't Verified!

In order to create a playlist on Sporcle, you need to verify the email address you used during registration. Go to your Sporcle Settings to finish the process.

Report this User

Report this user for behavior that violates our Community Guidelines.

Details: